|
|
|
|
| LEADER |
01009nam a2200325 4500 |
| 001 |
DLU030024871 |
| 005 |
##19920204104913.1 |
| 008 |
##910805s1992 iluab b 001 0 eng |
| 010 |
# |
# |
|a 91028406
|
| 020 |
# |
# |
|a 0256084858
|
| 035 |
# |
# |
|9 (DLC) 91028406
|
| 040 |
# |
# |
|a DLC
|c DLC
|d DLC
|
| 050 |
# |
# |
|a HD62.4
|b .B365 1991
|
| 082 |
# |
# |
|a 658.049
|b BA-C
|
| 100 |
# |
# |
|a Bartlett, Christopher A.,
|d 1943-
|
| 245 |
# |
# |
|a Transnational management :
|b text, cases, and readings in cross-border management /
|c Christopher A. Bartlett, Sumantra Ghoshal.
|
| 260 |
# |
# |
|a Homewood, IL :
|b Irwin,
|c c1992.
|
| 300 |
# |
# |
|a xiv, 914 p. :
|b ill., maps ;
|c 25 cm.
|
| 504 |
# |
# |
|a Includes bibliographical references and index.
|
| 650 |
# |
# |
|a International business enterprises
|x Management.
|
| 700 |
# |
# |
|a Ghoshal, Sumantra.
|
| 992 |
# |
# |
|a 57120
|
| 994 |
# |
# |
|a DLU
|
| 900 |
# |
# |
|a True
|
| 911 |
# |
# |
|a Lê Thị Mạnh Xuân
|
| 925 |
# |
# |
|a G
|
| 926 |
# |
# |
|a A
|
| 927 |
# |
# |
|a SH
|
| 980 |
# |
# |
|a Thư viện Trường Đại học Đà Lạt
|